|
|
|
|
| LEADER |
00000naa a2200000 ar4500 |
| 001 |
vtls010094684 |
| 003 |
SK-MaSNL |
| 005 |
20260302140932.0 |
| 008 |
100512c2009 xo qr|p|||||||000 b|slo |
| 015 |
|
|
|a SNBRA2010/05
|2 snkbucl
|
| 038 |
|
|
|a SNKBUCL
|
| 040 |
|
|
|a SNKBUCL
|b slo
|c SNKBUCL
|e AACR2
|
| 041 |
0 |
|
|a slo
|b eng
|
| 044 |
|
|
|a xo
|c SK
|
| 080 |
|
|
|a 657.4232:347.72.034
|2 2001
|
| 080 |
|
|
|a 347.72.034
|2 2001
|
| 100 |
1 |
|
|a Máziková, Katarína,
|d 1954-
|4 aut
|9 222059
|
| 245 |
1 |
0 |
|a Účtovanie a vykazovanie pohľadávok voči akcionárom, spoločníkom a členom družstva za upísané vlastné imanie v obchodných spoločnostiach a v družstve
|c Katarína Máziková
|
| 246 |
3 |
1 |
|a Accounting and presentation of the receivables related to unpaid share capital agains shareholders, associates and cooperative members in the business companies and cooperative
|
| 504 |
|
|
|a Bibliogr. odkazy
|
| 546 |
|
|
|a Súbežný názov angl. ; res. angl.
|
| 650 |
0 |
7 |
|a obchodné spoločnosti
|2 snkbucl
|9 3650
|
| 650 |
0 |
7 |
|a družstvá
|2 snkbucl
|9 2107
|
| 650 |
0 |
7 |
|a akcionári
|2 snkbucl
|9 17578
|
| 650 |
0 |
7 |
|a vlastné imanie
|2 snkbucl
|9 827569
|
| 650 |
0 |
7 |
|a pohľadávky
|2 snkbucl
|9 4611
|
| 650 |
0 |
7 |
|a účtovníctvo
|2 snkbucl
|9 649
|
| 650 |
0 |
7 |
|a výkazníctvo
|2 snkbucl
|9 827560
|
| 773 |
0 |
|
|t Teória a prax v účtovníctve a v audítorstve po vstupe Slovenskej republiky do eurozóny
|d Bratislava : Ekonóm, 2009
|g S. 60-61
|z 9788022527392
|
| 852 |
|
|
|a SNK
|b KIS3GCP
|
| 958 |
|
|
|a NB
|
| 999 |
|
|
|c 1333266
|d 1335196
|